Muslim devotions : (Record no. 32462)
[ view plain ]
| 000 -LEADER | |
|---|---|
| fixed length control field | 00760nam a22002412a 4500 |
| 001 - CONTROL NUMBER | |
| control field | 32462 |
| 003 - CONTROL NUMBER IDENTIFIER | |
| rucl marc code | BD-RjUL |
| 005 - DATE AND TIME OF LATEST TRANSACTION | |
| control field | 20211209051835.0 |
| 008 - FIXED-LENGTH DATA ELEMENTS--GENERAL INFORMATION | |
| fixed length control field | 140426r19691961enk 001 0 eng u |
| 035 ## - SYSTEM CONTROL NUMBER | |
| System control number | (BD-RjUL)32551 |
| 040 ## - CATALOGING SOURCE | |
| Original cataloging agency | BAN |
| Modifying agency | OCL |
| -- | UKM |
| -- | EQO |
| -- | BD-RjUL |
| Language of cataloging | eng |
| Transcribing agency | BD-RjUL |
| 041 ## - LANGUAGE CODE | |
| Language code of text/sound track or separate title | eng |
| 082 ## - DEWEY DECIMAL CLASSIFICATION NUMBER | |
| Classification number | 297.38 |
| Edition number | 18 |
| Author mark and year | PAM 1969 |
| 100 1# - MAIN ENTRY--PERSONAL NAME | |
| Personal name | Padwick, Constance Evelyn, |
| Dates associated with a name | 1886- |
| 9 (RLIN) | 98774 |
| 245 10 - TITLE STATEMENT | |
| Title | Muslim devotions : |
| Remainder of title | a study of prayer-manuals in common use / |
| Statement of responsibility, etc. | Constance E. Padwick. |
| 260 ## - PUBLICATION, DISTRIBUTION, ETC. (IMPRINT) | |
| Place of publication, distribution, etc. | London : |
| Name of publisher, distributor, etc. | SPCK, |
| Date of publication, distribution, etc. | 1961 [reprinted 1969] |
| 300 ## - PHYSICAL DESCRIPTION | |
| Pagination | xxix, 313 p. ; |
| Size | 23 cm. |
| 504 ## - BIBLIOGRAPHY, ETC. NOTE | |
| Bibliography, etc | Includes index. |
| 650 #0 - SUBJECT ADDED ENTRY--TOPICAL TERM | |
| Topical term or geographic name as entry element | Islam |
| General subdivision | Prayers and devotions |
| -- | History and criticism. |
| 9 (RLIN) | 98775 |
| 942 ## - ADDED ENTRY ELEMENTS (KOHA) | |
| Source of classification or shelving scheme | Dewey Decimal Classification |
| Koha item type | Books |
| Lost status | Source of classification or shelving scheme | Damaged status | Not for loan | Collection code | Permanent Location | Current Location | Shelving location | Date acquired | Source of acquisition | Cost, normal purchase price | Total Checkouts | Full call number | Date last seen | Copy number | Koha item type |
|---|---|---|---|---|---|---|---|---|---|---|---|---|---|---|---|
| Dewey Decimal Classification | Not For Loan | Non-fiction | Central Library, University of Rajshahi | Central Library, University of Rajshahi | Reading Room | 27/10/1970 | Sweet + Zeitlinger | 45.00 | 297.38 PAM 1969 | 26/04/2014 | C-1 | Books |